| 000 | 00538nam a2200217Ia 4500 | ||
|---|---|---|---|
| 003 | OSt | ||
| 005 | 20250717152502.0 | ||
| 008 | 210210b2019 xxu||||| |||| 00| 0 eng d | ||
| 020 | _a9789387752351 | ||
| 040 | _cAL | ||
| 041 | _aeng | ||
| 082 | _a300.72 KAPI | ||
| 100 |
_aSuniti Kapadiya _9219263 |
||
| 245 | _aInnovative research methodology in sociology Vol I | ||
| 260 |
_aJaipur _b- _c2019 |
||
| 300 | _a250p. | ||
| 650 |
_asociology _9219265 |
||
| 690 |
_aResearch Methodology _9219270 |
||
| 906 | _a073439 | ||
| 942 |
_2ddc _cBK |
||
| 999 |
_c123278 _d123278 |
||